00692nam a2200229Ia 450000500170000000800410001702000180005804000180007604100080009408200220010210000130012424500720013725000360020926000360024530000310028165000270031265000290033965000320036870000190040070000280041970000150044720251125101710.0210716s2011 xx 000 0 und d a9781420045901 cAIMIT LIBRARY aeng a005.762 21bAWAM aAwad, M. aDesign and implementation of data mining tools /cM Awad...[et.al]. a1st ed.bSpecial Indian Edition aNew Delhi :bCRC Press ,c2011. axxiii, 250p. ;bPBc24 cm. aData mining techniques aData mining applications aIntrusion detection results aKhan, Latifur. aThuraisingham, Bhavani. aWang, Lei.